Hình ảnh "con người nhỏ bé" qua truyện ngắn "Người coi trạm" của Puskin và "Chiếc áo khoác" của Gôgôn

Guardat en:
Dades bibliogràfiques
Autor principal: Vũ Thị Minh Tâm.
Altres autors: Vũ Thanh Tâm (hướng dẫn.)
Format: Llibre
Idioma:Vietnamese
Publicat: Đà Nẵng, 1993.
Matèries:
Etiquetes: Afegir etiqueta
Sense etiquetes, Sigues el primer a etiquetar aquest registre!
Thư viện lưu trữ: Mạng thư viện Đại học Đà Nẵng
LEADER 01189cmm a2200373 i 4500
001 000044818
003 3227
005 20040507073510.0
008 010312b1993 vm 000 vie
040 |a IRC  |c IRC  |d IRC 
041 0 |a vie 
082 1 4 |a 891.733  |b VU-T 
100 1 |a Vũ Thị Minh Tâm. 
245 0 0 |a Hình ảnh "con người nhỏ bé" qua truyện ngắn "Người coi trạm" của Puskin và "Chiếc áo khoác" của Gôgôn  |h [Thesis - Luận văn] /  |c Vũ Thị Minh Tâm thực hiện ; Vũ Thanh Tâm hướng dẫn. 
260 |a Đà Nẵng,  |c 1993. 
300 |a 19tr. ;  |c 26cm. 
600 0 4 |a Gogol, Nicolay Vasilyevich,  |d 1809-1852. 
600 0 4 |a Pushkin, A. Sergeyevich,  |d 1799-1837. 
630 0 4 |a Phê bình văn học. 
630 0 4 |a Văn học Nga. 
630 0 4 |a "Người coi trạm". 
630 0 4 |a "Chiếc áo khoác". 
650 0 4 |a Văn học Việt  |x Phê bình. 
700 1 |a Vũ Thanh Tâm,  |e hướng dẫn. 
OWN |a DUT 
999 |a From the UDN01 
TYP |a Computer file 
TYP |a Monograph 
980 |a Mạng thư viện Đại học Đà Nẵng